000 00525nam a22001937a 4500
003 OSt
005 20140310181718.0
008 130228t xxu||||| |||| 00| 0 eng d
050 _aKPM2786.9
_b.C738 2002
082 _aKPM2786.9
_b.C738
245 _aComplete 2002 B.I.R. revenue regulations /
_ccompiled and published by CDCI
260 _aQuezon City
_bCDCI
_c2002
300 _a152 p.
_c27 cm.
521 _acollege students
526 _c1210L-1700L
541 _j1
562 _e1
942 _2lcc
_cBK-FIL
_kFIL
999 _c1891
_d1891